[Event "XIII Figueira da Foz Open 2019"]
[Site "Figueira da Foz"]
[Date "2019.11.01"]
[Round "6.4"]
[White "Grigoryan, Karen H."]
[Black "Djuric, Stefan"]
[Result "1-0"]
[WhiteElo "2608"]
[BlackElo "2356"]
[Annotator "TA"]
[PlyCount "101"]
[EventDate "2019.10.27"]
[EventType "swiss"]
[EventCountry "POR"]
[SourceTitle "playchess.com"]
[Source "ChessBase"]
[SourceQuality "1"]

{[%evp 13,101,43,49,47,60,66,56,59,56,56,79,52,60,44,40,50,68,4,58,68,72,43,148,80,79,79,88,81,91,79,104,86,85,83,103,87,106,112,131,125,129,102,102,108,123,150,195,52,54,38,50,10,8,15,5,0,0,0,0,0,38,35,21,25,99,0,0,0,0,0,942,31,30,3702,29966,29970,29978,29979,29979,29980,29980,29980,29980,29981,29986,29987,29987,29988,29988,29989]} 1. e4 e5 2. Nc3 Nf6 3. g3 d5 4. exd5 Nxd5 5. Bg2 Nxc3 6. bxc3 Nd7 7. Nf3 Be7 8. O-O {C26: Vienna Game: 2...Nf6, sidelines} e4 $146 ({Predecessor:} 8... O-O 9. Re1 Bf6 10. Rb1 c6 11. d4 Qa5 12. Qd3 exd4 13. cxd4 Nb6 14. Bd2 Qxa2 15. Bg5 Qc4 {0-1 (49) Baerwinkel,T (2305)-Becker,T (2098) Germany 2010}) 9. Nd4 Nf6 10. d3 {White is slightly better.} c5 11. Nb3 Bg4 12. Qe1 exd3 13. cxd3 O-O 14. Bxb7 Bh3 15. Bf4 ({White should play} 15. Bxa8 $14 Qxa8 16. f3) 15... Bxf1 (15... a5 $11) 16. Qxf1 $14 Nd5 17. Be5 f6 {[#]} (17... Qd7 $14 18. Bxa8 Rxa8) 18. Qg2 (18. c4 $142 $1 Ne3 19. Qe2 (19. fxe3 fxe5 {[%mdl 64] Discovered Attack} 20. Bd5+ Kh8 $15) 19... fxe5 20. Bxa8 (20. Qxe3 Rb8 $11)) 18... Nb6 $16 19. Bxa8 Qxa8 20. Bc7 Qxg2+ 21. Kxg2 Na4 22. Re1 Kf7 23. Ba5 Rb8 24. c4 g5 25. Kf3 Bd6 26. Ke4 Ke6 27. d4 cxd4 28. Nxd4+ Kf7 29. Nb5 Bc5 {[#]} 30. Kd5 ({White has to play} 30. Kf5 $1 $18) 30... Bxf2 $14 31. Rf1 Bc5 $1 32. Bc7 Re8 33. Nd6+ Bxd6 $1 34. Bxd6 $11 {[%mdl 4096] Endgame KRB-KRN} Nb6+ 35. Kd4 Nc8 36. c5 Nxd6 37. cxd6 {KR-KR} Re2 $1 38. Kd5 Rxh2 (38... Ke8 $1 $11 {keeps the balance.}) 39. a4 (39. Rc1 $16) 39... h5 40. Rc1 Rd2+ 41. Kc6 {Hoping for d7.} h4 $2 {[%mdl 8192]} (41... g4 $11) 42. gxh4 $18 gxh4 43. d7 $2 {[%mdl 8192]} (43. Kc7 $11 Ke6 44. Re1+ Kf7 45. Re7+ Kf8 46. Rh7 Rc2+ 47. Kd7) 43... f5 44. Kc7 {White mates.} f4 45. d8=Q Rxd8 46. Kxd8 {KR-K3P} Kf6 47. a5 {[%cal Ba4a5,Ba5a6][%mdl 32]} Kf5 48. Kc7 h3 49. Kb7 Kg4 50. Kxa7 h2 51. a6 {Accuracy: White = 63%, Black = 44%.} 1-0

[Event "XIII Figueira da Foz Open 2019"]
[Site "Figueira da Foz"]
[Date "2019.11.01"]
[Round "6.5"]
[White "Romanishin, Oleg M"]
[Black "Gomez Dieguez, David"]
[Result "1-0"]
[WhiteElo "2441"]
[BlackElo "2336"]
[Annotator "NA"]
[PlyCount "115"]
[EventDate "2019.10.27"]
[EventType "swiss"]
[EventCountry "POR"]
[SourceTitle "playchess.com"]
[Source "ChessBase"]
[SourceQuality "1"]
[TimeControl "40/5400+30:1800+30"]

1. Nf3 {[%emt 0:04:30]} Nf6 {[%emt 0:00:00]} 2. g3 {[%emt 0:00:04]} c5 {[%emt 0:01:04]} 3. Bg2 {[%emt 0:00:08]} Nc6 {[%emt 0:00:20]} 4. O-O {[%emt 0:00:22]} g6 {[%emt 0:01:39]} 5. c3 {[%emt 0:04:53]} Bg7 {[%emt 0:02:28]} 6. d4 {[%emt 0:00:07]} cxd4 {[%emt 0:03:04]} 7. cxd4 {[%emt 0:00:12]} d5 {[%emt 0:00:39]} 8. Ne5 {[%emt 0:19:09]} Nxe5 {[%emt 0:08:42]} 9. dxe5 {[%emt 0:00:14]} Ng4 {[%emt 0:00:04]} 10. Bxd5 {[%emt 0:04:53]} Nxe5 {[%emt 0:02:04]} 11. Qb3 {[%emt 0:00:41]} O-O {[%emt 0:00:39]} 12. Rd1 {[%emt 0:00:12]} Qa5 {[%emt 0:06:02]} 13. Nc3 $14 {[%emt 0:14:37]} Bd7 {[%emt 0:14:28]} 14. Bf4 {[%emt 0:10:11]} Bc6 {[%emt 0:03:33]} 15. Rd2 {[%emt 0:04:48]} Qb6 {[%emt 0:07:54]} 16. Be3 {[%emt 0:08:27]} Qxb3 {[%emt 0:08:02]} 17. Bxb3 {[%emt 0:00:48]} e6 {[%emt 0:05:11]} 18. h3 {[%emt 0:05:22]} b5 {[%emt 0:01:49]} 19. f4 {[%emt 0:00:50]} Nc4 {[%emt 0:01:20]} 20. Bxc4 {[%emt 0:00:16]} Bxc3 {[%emt 0:04:50]} 21. bxc3 {[%emt 0:00:10]} bxc4 {[%emt 0:00:10]} 22. Rd6 {[%emt 0:00:15]} Be4 {[%emt 0:05:02]} 23. Ra6 {[%emt 0:05:25]} Rfb8 {[%emt 0:10:00]} 24. Rxa7 {[%emt 0:00:21]} Rxa7 {[%emt 0:00:02]} 25. Bxa7 {[%emt 0:00:09]} Ra8 {[%emt 0:00:02]} 26. Bc5 {[%emt 0:00:34]} Bc2 {[%emt 0:00:04]} 27. a3 {[%emt 0:02:35]} Bb3 {[%emt 0:00:47]} 28. g4 {[%emt 0:01:24]} f6 {[%emt 0:00:37]} 29. Kf2 {[%emt 0:01:28]} Kf7 {[%emt 0:01:00]} 30. Ke3 {[%emt 0:00:09]} Rc8 {[%emt 0:05:19]} 31. Bd4 {[%emt 0:02:19]} Ba4 {[%emt 0:00:20]} 32. g5 {[%emt 0:01:43]} e5 {[%emt 0:01:54]} 33. fxe5 {[%emt 0:00:23]} fxe5 {[%emt 0:00:03]} 34. Bxe5 {[%emt 0:01:23]} Ke6 {[%emt 0:00:05]} 35. Bd4 {[%emt 0:01:54]} Rf8 {[%emt 0:00:48]} 36. Rb1 {[%emt 0:01:26]} Bb3 {[%emt 0:00:04]} 37. h4 {[%emt 0:00:31]} Kd5 {[%emt 0:00:04]} 38. a4 {[%emt 0:02:00]} Bxa4 {[%emt 0:01:25]} 39. Rb7 {[%emt 0:00:15]} Re8+ {[%emt 0:00:52]} 40. Kd2 {[%emt 0:00:00]} Ke4 {[%emt 0:00:00]} 41. Rxh7 {[%emt 0:01:52]} Kf5 {[%emt 0:02:28]} 42. Ra7 {[%emt 0:04:13]} Bb3 {[%emt 0:00:16]} 43. Rg7 {[%emt 0:07:03]} Re4 {[%emt 0:03:25]} 44. Bf2 {[%emt 0:01:30]} Re8 {[%emt 0:00:20]} 45. Rd7 {[%emt 0:05:57]} Ra8 {[%emt 0:04:05]} 46. Rd6 {[%emt 0:01:04]} Ra2+ {[%emt 0:01:41]} 47. Ke3 {[%emt 0:00:10]} Rc2 {[%emt 0:00:03]} 48. Be1 {[%emt 0:01:16]} Rc1 {[%emt 0:01:44]} 49. Kf2 {[%emt 0:00:46]} Rd1 {[%emt 0:04:28]} 50. Rd4 {[%emt 0:11:19]} Ke5 {[%emt 0:07:39]} 51. Bd2 {[%emt 0:00:21]} Bc2 {[%emt 0:01:35]} 52. Bf4+ {[%emt 0:00:49]} Kf5 {[%emt 0:00:04]} 53. Rxc4 {[%emt 0:00:11]} Rh1 {[%emt 0:00:29]} 54. Bg3 {[%emt 0:00:28]} Be4 {[%emt 0:00:20]} 55. Ke3 {[%emt 0:00:32]} Rh3 {[%emt 0:00:53]} 56. Rxe4 {[%emt 0:00:51]} Rxg3+ {[%emt 0:00:50]} 57. Kd4 {[%emt 0:00:12]} Rd3+ {[%emt 0:00:04]} 58. Kc4 {[%emt 0:00:57]} 1-0

[Event "XIII Figueira da Foz Open 2019"]
[Site "Figueira da Foz"]
[Date "2019.11.01"]
[Round "6.6"]
[White "Spraggett, Kevin"]
[Black "Garcia Dorado, Alberto"]
[Result "1-0"]
[WhiteElo "2513"]
[BlackElo "2170"]
[Annotator "ChessBase"]
[PlyCount "74"]
[EventDate "2019.10.27"]
[EventType "swiss"]
[EventCountry "POR"]
[SourceTitle "playchess.com"]
[Source "ChessBase"]
[SourceQuality "1"]
[TimeControl "40/5400+30:1800+30"]

1. Nf3 d5 {[%emt 0:00:18]} 2. e3 {[%emt 0:01:31]} e6 {[%emt 0:02:22]} 3. c4 {[%emt 0:00:25]} Nf6 {[%emt 0:03:00]} 4. b3 {[%emt 0:01:03]} b6 5. Bb2 {[%emt 0:01:23]} Bd6 {[%emt 0:01:35]} 6. Nc3 {[%emt 0:01:27]} a6 {[%emt 0:00:41]} 7. g3 {[%emt 0:01:27]} Bb7 {[%emt 0:05:48]} 8. Bg2 {[%emt 0:01:46]} O-O {[%emt 0:03:15]} 9. O-O {[%emt 0:00:07]} dxc4 {[%emt 0:04:30]} 10. bxc4 Nbd7 {[%emt 0:03:42]} 11. Qc2 {[%emt 0:05:01]} Rb8 12. a4 {[%emt 0:00:26]} Ne5 {[%emt 0:07:04]} 13. Nxe5 {[%emt 0:00:40]} Bxe5 {[%emt 0:00:21]} 14. f3 Bd6 {[%emt 0:06:17]} 15. Rad1 {[%emt 0:07:38]} Qe7 16. d3 {[%emt 0:06:16]} Rfd8 {[%emt 0:04:52]} 17. Ba1 {[%emt 0:02:04]} e5 {[%emt 0:01:32]} 18. Kh1 {[%emt 0:04:02]} Ba8 {[%emt 0:07:28]} 19. Rfe1 {[%emt 0:10:27]} Qe6 {[%emt 0:10:56]} 20. Rb1 {[%emt 0:01:49]} h5 {[%emt 0:05:17]} 21. Qe2 {[%emt 0:03:25]} Bc5 {[%emt 0:02:38]} 22. Rbd1 {[%emt 0:01:31]} Rd7 {[%emt 0:17:44]} 23. h4 {[%emt 0:01:41]} Bd6 {[%emt 0:00:52]} 24. Kh2 {[%emt 0:01:27]} Rdd8 {[%emt 0:01:40]} 25. e4 {[%emt 0:01:21]} Bc6 {[%emt 0:01:39]} 26. Bb2 {[%emt 0:01:29]} Qe8 {[%emt 0:02:37]} 27. Ra1 {[%emt 0:00:47]} Nd7 {[%emt 0:00:33]} 28. a5 {[%emt 0:02:22]} bxa5 {[%emt 0:01:09]} 29. Rxa5 {[%emt 0:00:50]} Bb4 {[%emt 0:00:10]} 30. Ra2 {[%emt 0:00:43]} Nc5 {[%emt 0:00:55]} 31. Rd1 {[%emt 0:00:06]} a5 {[%emt 0:02:31]} 32. Nd5 {[%emt 0:00:42]} Ba4 {[%emt 0:00:59]} 33. Rda1 {[%emt 0:04:04]} Bb3 {[%emt 0:01:40]} 34. Rxa5 {[%emt 0:01:41]} Bxa5 {[%emt 0:00:48]} 35. Rxa5 {[%emt 0:00:02]} Ne6 {[%emt 0:01:51]} 36. Bxe5 {[%emt 0:00:31]} Rb7 {[%emt 0:00:38]} 37. Ne3 {[%emt 0:03:46]} c6 {[%emt 0:00:18]} 1-0

[Event "XIII Figueira da Foz Open 2019"]
[Site "Figueira da Foz"]
[Date "2019.11.01"]
[Round "6.7"]
[White "Pintor, Simao Maciel Abranch"]
[Black "Barski, Radoslaw"]
[Result "0-1"]
[WhiteElo "2137"]
[BlackElo "2437"]
[Annotator "NA"]
[PlyCount "52"]
[EventDate "2019.10.27"]
[EventType "swiss"]
[EventCountry "POR"]
[SourceTitle "playchess.com"]
[Source "ChessBase"]
[SourceQuality "1"]
[TimeControl "40/5400+30:1800+30"]

1. Nf3 d5 2. g3 e6 3. Bg2 Nf6 4. b3 Be7 5. Bb2 O-O 6. O-O b6 7. c4 Bb7 8. cxd5 exd5 $11 9. d4 Nbd7 {[%emt 0:09:28]} 10. Nc3 {[%emt 0:16:10]} a6 {[%emt 0:00:30]} 11. Rc1 {[%emt 0:00:30]} Bd6 {[%emt 0:00:30]} 12. Ne1 {[%emt 0:00:30]} Qe7 {[%emt 0:00:30]} 13. Nd3 {[%emt 0:00:30]} Ne4 {[%emt 0:00:30]} 14. Nf4 {[%emt 0:00:30]} Ndf6 {[%emt 0:00:30]} 15. e3 {[%emt 0:00:30]} Rfe8 {[%emt 0:00:30]} 16. Nce2 {[%emt 0:00:30]} a5 {[%emt 0:00:30]} 17. a4 {[%emt 0:00:30]} Ba6 {[%emt 0:00:30]} 18. Nd3 {[%emt 0:00:30]} Ng4 {[%emt 0:00:30]} 19. Nef4 {[%emt 0:00:30]} Qg5 {[%emt 0:00:30]} 20. h4 {[%emt 0:00:30]} Qf5 {[%emt 0:00:30]} 21. Bh3 Nef6 22. f3 Rxe3 23. fxg4 Rxg3+ 24. Kh2 Rxg4 25. Ne5 Bxf1 26. Qxf1 Qxf4+ 0-1

[Event "XIII Figueira da Foz Open 2019"]
[Site "Figueira da Foz"]
[Date "2019.11.01"]
[Round "6.8"]
[White "Tadevosyan, Aspet"]
[Black "Medarde Santiago, Luis Marcos"]
[Result "0-1"]
[WhiteElo "1998"]
[BlackElo "2285"]
[Annotator "NA"]
[PlyCount "54"]
[EventDate "2019.10.27"]
[EventType "swiss"]
[EventCountry "POR"]
[SourceTitle "playchess.com"]
[Source "ChessBase"]
[SourceQuality "1"]
[TimeControl "40/5400+30:1800+30"]

1. Nf3 {[%emt 0:00:00]} c5 {[%emt 0:04:08]} 2. c4 {[%emt 0:00:06]} g6 {[%emt 0:01:17]} 3. Nc3 {[%emt 0:00:33]} Bg7 {[%emt 0:00:07]} 4. e3 {[%emt 0:00:07]} Nf6 {[%emt 0:00:18]} 5. d4 {[%emt 0:00:14]} cxd4 {[%emt 0:00:06]} 6. exd4 {[%emt 0:00:06]} d5 {[%emt 0:00:08]} 7. Bg5 {[%emt 0:04:18]} Ne4 {[%emt 0:21:09]} 8. cxd5 {[%emt 0:22:03]} Nxg5 {[%emt 0:17:56]} 9. Nxg5 {[%emt 0:00:09]} O-O $11 {[%emt 0:03:07]} 10. h4 {[%emt 0:07:31]} Qb6 {[%emt 0:01:07]} 11. Qd2 {[%emt 0:21:15]} Qxd4 {[%emt 0:01:18]} 12. Bd3 {[%emt 0:00:52]} Nd7 {[%emt 0:03:36]} 13. O-O-O {[%emt 0:09:06]} Ne5 {[%emt 0:04:08]} 14. f3 {[%emt 0:04:08]} Bd7 {[%emt 0:02:40]} 15. Qc2 {[%emt 0:03:33]} Rfc8 {[%emt 0:07:28]} 16. Kb1 {[%emt 0:02:17]} Nxd3 {[%emt 0:05:07]} 17. Qxd3 {[%emt 0:01:55]} Bf5 {[%emt 0:01:19]} 18. Nge4 {[%emt 0:02:39]} Qb4 {[%emt 0:00:39]} 19. Rc1 {[%emt 0:01:06]} Bxc3 {[%emt 0:05:28]} 20. Rxc3 {[%emt 0:00:26]} Rxc3 {[%emt 0:00:09]} 21. Qxc3 {[%emt 0:00:15]} Bxe4+ {[%emt 0:00:05]} 22. fxe4 {[%emt 0:00:12]} Qxe4+ {[%emt 0:00:04]} 23. Ka1 {[%emt 0:01:48]} Qxg2 {[%emt 0:03:04]} 24. Rd1 {[%emt 0:00:44]} Qg4 {[%emt 0:00:07]} 25. Rf1 {[%emt 0:02:26]} Rc8 {[%emt 0:00:47]} 26. Qb3 {[%emt 0:00:19]} Qc4 {[%emt 0:01:09]} 27. Qd1 {[%emt 0:01:22]} Rd8 {[%emt 0:00:10]} 0-1

[Event "XIII Figueira da Foz Open 2019"]
[Site "Figueira da Foz"]
[Date "2019.11.01"]
[Round "6.9"]
[White "Guerreiro, Nuno"]
[Black "Rey Malde, Henrique"]
[Result "0-1"]
[WhiteElo "2069"]
[BlackElo "2209"]
[Annotator "NA"]
[PlyCount "55"]
[EventDate "2019.10.27"]
[EventType "swiss"]
[EventCountry "POR"]
[SourceTitle "playchess.com"]
[Source "ChessBase"]
[SourceQuality "1"]
[TimeControl "40/5400+30:1800+30"]

1. Nf3 {[%emt 0:00:00]} d6 {[%emt 0:00:00]} 2. d4 {[%emt 0:00:10]} Nf6 {[%emt 0:00:05]} 3. g3 {[%emt 0:00:06]} g6 {[%emt 0:00:30]} 4. Bg2 {[%emt 0:00:09]} Bg7 {[%emt 0:00:07]} 5. O-O {[%emt 0:00:06]} O-O {[%emt 0:00:08]} 6. c4 {[%emt 0:00:15]} c6 {[%emt 0:01:02]} 7. Nc3 {[%emt 0:00:22]} Bf5 {[%emt 0:00:08]} 8. Nd2 {[%emt 0:35:47]} Qd7 {[%emt 0:02:31]} 9. Re1 {[%emt 0:01:02]} d5 {[%emt 0:03:57]} 10. e3 {[%emt 0:08:19]} Na6 {[%emt 0:06:18]} 11. a3 {[%emt 0:03:35]} Rad8 $11 {[%emt 0:08:21]} 12. Qa4 {[%emt 0:06:54]} Rfe8 {[%emt 0:18:11]} 13. b4 {[%emt 0:06:12]} Bd3 {[%emt 0:08:43]} 14. cxd5 {[%emt 0:08:56]} cxd5 {[%emt 0:03:01]} 15. Qb3 {[%emt 0:01:27]} Bf5 {[%emt 0:00:38]} 16. b5 {[%emt 0:03:45]} Nc7 {[%emt 0:00:06]} 17. a4 {[%emt 0:05:05]} e5 {[%emt 0:09:36]} 18. dxe5 {[%emt 0:02:13]} Ng4 {[%emt 0:01:11]} 19. e4 {[%emt 0:04:46]} dxe4 {[%emt 0:02:48]} 20. Ndxe4 {[%emt 0:00:40]} Bxe5 {[%emt 0:06:31]} 21. Bg5 {[%emt 0:03:25]} Be6 {[%emt 0:02:00]} 22. Qc2 {[%emt 0:03:10]} f6 {[%emt 0:05:02]} 23. Nc5 {[%emt 0:01:43]} Qd4 {[%emt 0:00:08]} 24. Rxe5 {[%emt 0:01:49]} Qxe5 {[%emt 0:01:53]} 25. Nxb7 {[%emt 0:01:13]} fxg5 {[%emt 0:01:33]} 26. Nxd8 {[%emt 0:00:41]} Rxd8 {[%emt 0:00:05]} 27. Rc1 {[%emt 0:00:44]} Nf6 {[%emt 0:03:58]} 28. Ne2 0-1

[Event "XIII Figueira da Foz Open 2019"]
[Site "Figueira da Foz"]
[Date "2019.11.01"]
[Round "6.10"]
[White "Gavasheli, Ana"]
[Black "Correia, Mario"]
[Result "1-0"]
[WhiteElo "2240"]
[BlackElo "2140"]
[Annotator "NA"]
[PlyCount "97"]
[EventDate "2019.10.27"]
[EventType "swiss"]
[EventCountry "POR"]
[SourceTitle "playchess.com"]
[Source "ChessBase"]
[SourceQuality "1"]
[TimeControl "40/5400+30:1800+30"]

1. c4 {[%emt 0:00:00]} c5 {[%emt 0:01:17]} 2. Nf3 {[%emt 0:00:00]} g6 {[%emt 0:00:21]} 3. d4 {[%emt 0:00:00]} cxd4 {[%emt 0:00:09]} 4. Nxd4 {[%emt 0:00:00]} Nf6 {[%emt 0:00:08]} 5. Nc3 {[%emt 0:00:16]} Nc6 {[%emt 0:00:08]} 6. e4 {[%emt 0:00:35]} d6 {[%emt 0:00:07]} 7. Be2 {[%emt 0:00:19]} Nxd4 {[%emt 0:00:07]} 8. Qxd4 {[%emt 0:00:05]} Bg7 {[%emt 0:00:06]} 9. Qd1 {[%emt 0:01:37]} O-O {[%emt 0:00:29]} 10. Be3 {[%emt 0:01:32]} Qa5 {[%emt 0:05:46]} 11. O-O {[%emt 0:03:37]} Be6 {[%emt 0:00:29]} 12. Bd4 {[%emt 0:05:45]} Rfc8 {[%emt 0:09:10] B36: Sicilian: Maroczy Bind: Gurgenidze System} 13. b3 {[%emt 0:01:00]} Nd7 {[%emt 0:00:44] [#]} 14. Nd5 $146 {[%emt 0:02:25]} ({Predecessor:} 14. Bxg7 Kxg7 15. Qd3 a6 16. f4 Nf6 17. f5 Bd7 18. fxg6 hxg6 19. Nd5 Nxd5 20. exd5 {½-½ (56) Hammer,J (2610)-Larsen,K (2323) Helsingor 2011}) 14... Qd8 {[%emt 0:03:15]} 15. Rc1 {[%emt 0:06:47]} Nc5 {[%emt 0:02:46]} 16. Bxg7 {[%emt 0:02:48]} Kxg7 {[%emt 0:00:08]} 17. Qd4+ {[%emt 0:00:02]} Kg8 {[%emt 0:00:12]} 18. f4 {[%emt 0:02:52]} Bxd5 {[%emt 0:00:27]} 19. exd5 {[%emt 0:00:55]} Nd7 {[%emt 0:00:35]} 20. Kh1 {[%emt 0:00:34]} Qb6 {[%emt 0:01:42]} 21. Qd2 {[%emt 0:00:25]} a5 {[%emt 0:00:29]} 22. f5 {[%emt 0:04:27]} Kg7 {[%emt 0:00:17]} (22... Ne5 $16) 23. Rc3 {[%emt 0:00:55]} Rh8 {[%emt 0:07:32]} 24. Rh3 {[%emt 0:02:59]} h6 $18 {[%emt 0:00:06]} (24... f6 $16 {was called for.}) 25. fxg6 {[%emt 0:09:43]} f6 {[%emt 0:00:06]} 26. Rf4 {[%emt 0:04:40]} Qb4 {[%emt 0:00:34]} 27. Qc1 {[%emt 0:00:09]} a4 {[%emt 0:01:57]} 28. a3 {[%emt 0:00:16]} Qb6 {[%emt 0:02:35]} 29. b4 {[%emt 0:00:10]} Ne5 {[%emt 0:02:13]} 30. c5 {[%emt 0:00:57]} dxc5 {[%emt 0:00:24]} 31. bxc5 {[%emt 0:00:06]} Rac8 {[%emt 0:00:25]} 32. Rc3 {[%emt 0:00:21]} Qa5 {[%emt 0:01:22]} 33. Rb4 {[%emt 0:01:46]} Rc7 {[%emt 0:03:00]} 34. Bb5 {[%emt 0:08:16]} Rhc8 {[%emt 0:03:31]} 35. c6 {[%emt 0:05:21]} bxc6 {[%emt 0:00:07]} 36. dxc6 {[%emt 0:00:05]} Qa7 {[%emt 0:04:47]} 37. Rh4 {[%emt 0:02:44]} Rh8 {[%emt 0:00:54]} 38. Bxa4 {[%emt 0:01:32]} Qf2 {[%emt 0:05:17]} 39. Rf4 {[%emt 0:00:13]} Qb6 {[%emt 0:02:28]} 40. Rb4 {[%emt 0:00:00]} Qf2 {[%emt 0:00:00]} 41. Rc2 {[%emt 0:10:14]} Qa7 {[%emt 0:04:40]} 42. Bb5 {[%emt 0:00:24]} Rd8 {[%emt 0:01:02]} 43. Rh4 {[%emt 0:03:42]} Rh8 {[%emt 0:00:59]} 44. a4 {[%emt 0:00:40]} h5 {[%emt 0:01:22]} 45. h3 {[%emt 0:02:50]} Nxg6 {[%emt 0:00:58]} 46. Re4 {[%emt 0:00:15]} Ne5 {[%emt 0:02:20]} 47. Rxe5 {[%emt 0:01:10]} fxe5 {[%emt 0:00:08]} 48. Qg5+ {[%emt 0:00:03]} Kf8 {[%emt 0:00:11]} 49. Qxe5 {[%emt 0:02:03]} 1-0

[Event "XIII Figueira da Foz Open 2019"]
[Site "Figueira da Foz"]
[Date "2019.11.01"]
[Round "6.11"]
[White "Lisowski, Krzysztof"]
[Black "Fernandes, Miguel A. Murtinho"]
[Result "0-1"]
[WhiteElo "2179"]
[BlackElo "2115"]
[Annotator "NA"]
[PlyCount "94"]
[EventDate "2019.10.27"]
[EventType "swiss"]
[EventCountry "POR"]
[SourceTitle "playchess.com"]
[Source "ChessBase"]
[SourceQuality "1"]
[TimeControl "40/5400+30:1800+30"]

1. e4 {[%emt 0:00:00]} c6 {[%emt 0:00:00]} 2. d4 {[%emt 0:00:00]} d5 {[%emt 0:00:02]} 3. Nd2 {[%emt 0:00:00]} dxe4 {[%emt 0:00:06]} 4. Nxe4 {[%emt 0:00:07]} Nf6 {[%emt 0:00:09]} 5. Nxf6+ {[%emt 0:00:34]} exf6 {[%emt 0:00:06]} 6. c3 {[%emt 0:00:35]} Bd6 {[%emt 0:00:07]} 7. Bd3 {[%emt 0:00:26]} O-O {[%emt 0:00:06]} 8. Ne2 {[%emt 0:12:55]} Re8 {[%emt 0:00:15]} 9. Qc2 {[%emt 0:01:33]} h5 {[%emt 0:00:05]} 10. O-O {[%emt 0:00:52]} h4 {[%emt 0:00:06]} 11. h3 {[%emt 0:02:58]} Nd7 {[%emt 0:00:11]} 12. Be3 {[%emt 0:07:27]} Nf8 {[%emt 0:00:30]} 13. Qd2 {[%emt 0:08:10]} g5 {[%emt 0:00:37]} 14. c4 {[%emt 0:05:15]} Bb8 {[%emt 0:03:24]} 15. f4 {[%emt 0:15:59]} Qe7 {[%emt 0:05:42]} 16. Rf3 {[%emt 0:05:25]} (16. Bf2 $16) 16... g4 {[%emt 0:02:28]} 17. hxg4 {[%emt 0:00:12]} Bxg4 {[%emt 0:00:06]} 18. Raf1 $17 {[%emt 0:00:09]} (18. Bf2 $11) 18... f5 {[%emt 0:02:04]} 19. d5 {[%emt 0:06:18]} Bd6 {[%emt 0:08:27]} 20. Nd4 {[%emt 0:15:58]} Bc5 {[%emt 0:04:14]} 21. Kh2 {[%emt 0:07:59]} Qf6 {[%emt 0:12:21]} 22. Nxf5 {[%emt 0:03:13]} Bxe3 {[%emt 0:00:09]} 23. Nxe3 {[%emt 0:00:18]} Bxf3 {[%emt 0:00:45]} 24. Rxf3 {[%emt 0:00:28]} Ng6 {[%emt 0:01:38]} 25. Ng4 {[%emt 0:01:52]} Qg7 {[%emt 0:00:52]} 26. f5 {[%emt 0:01:43]} Ne5 {[%emt 0:01:12]} 27. Nxe5 {[%emt 0:00:42]} Qxe5+ {[%emt 0:00:41]} 28. Kh3 {[%emt 0:00:10]} Qf6 {[%emt 0:01:09]} 29. Rf4 {[%emt 0:00:38]} Re5 {[%emt 0:04:54]} 30. Rxh4 {[%emt 0:00:28]} Rae8 {[%emt 0:00:45]} 31. Rg4+ {[%emt 0:01:14]} Kf8 {[%emt 0:00:23]} 32. Rg3 {[%emt 0:00:57]} Qh8+ {[%emt 0:02:23]} 33. Kg4 {[%emt 0:00:09]} Qg7+ {[%emt 0:02:02]} 34. Kh3 {[%emt 0:00:20]} Re3 {[%emt 0:07:29]} 35. Rf3 {[%emt 0:00:05]} Qh6+ {[%emt 0:02:03]} 36. Kg4 {[%emt 0:00:14]} f6 {[%emt 0:00:38]} 37. Qb4+ {[%emt 0:01:09]} Kg8 {[%emt 0:01:09]} 38. Qd6 {[%emt 0:01:36]} Qg5+ {[%emt 0:07:33]} 39. Kh3 {[%emt 0:00:06]} R3e7 {[%emt 0:00:39]} 40. g4 {[%emt 0:00:00]} Rh7+ {[%emt 0:00:00]} 41. Kg2 {[%emt 0:04:24]} Qd2+ {[%emt 0:01:26]} 42. Kg1 {[%emt 0:03:34]} Qd1+ {[%emt 0:03:00]} 43. Kf2 {[%emt 0:04:44]} Qe1+ {[%emt 0:00:04]} 44. Kg2 {[%emt 0:00:07]} Qh1+ {[%emt 0:00:04]} 45. Kf2 {[%emt 0:00:10]} Rh2+ {[%emt 0:00:08]} 46. Kg3 {[%emt 0:00:07]} Rg2+ {[%emt 0:00:12]} 47. Kf4 {[%emt 0:00:09]} Qh6+ {[%emt 0:00:13]} 0-1